000 00758nam a2200277Ia 4500
001 Para_347
003 CHAP
008 220125s1994 xx 000 0 und d
010 _a199102
040 _cCHAP
090 _aPA FOLLETO 3279
100 _aFlores Hernández, Arnoldo
_941580
245 _aEl nopal Opuntia spp en la región arida lagunera /
_c por Arnoldo Flores Hernández
260 _aChapingo, Méx. :
_b UACh-URUZA
300 _a14 p.
410 _aFolleto de divulgación
650 _aNopal
_981647
710 _aUACh. URUZA
_9164438
901 _aPA FOLLETO 3279
902 _aA
905 _a0000001994 a 0000000000 00
910 _a1994
942 _cPARA
942 _cPARA
_d1
999 _c199102
_d199102